| 000 | 01958nam2a22002771 4500 | ||
|---|---|---|---|
| 001 | RU\NLR\INFOCOMM29\5000104919 | ||
| 005 | 20250617145217.0 | ||
| 035 | _a(NLR Aleph) 002726850 | ||
| 090 |
_a1925086 _c1925086 |
||
| 100 | _a20050203d1974 |||y0rusy50 ca | ||
| 101 | 0 | _arus | |
| 102 | _aRU | ||
| 105 | _ay ||||000|y | ||
| 200 | 1 |
_aПериодические магнитные фокусирующие системы СВЧ приборов _eОтеч. и иностр. литература за 1965-1973 гг. _fН.Н. Кузокова |
|
| 210 |
_d1974 _aБ. м. |
||
| 225 | 1 |
_a... _vВып.92 _i... _v1974, Вып.2 |
|
| 461 | 0 |
_1001RU\NLR\INFOCOMM29\5000103559 _12001#$aТематические указатели литературы$fМ-во электронной пром-сти СССР. Ин-т "Электроника"$vВып.92 _91907610 _a"Электроника", институт (Москва) _cМ. _d1962-1983 _fМ-во электронной пром-сти СССР. Ин-т "Электроника" _tТематические указатели литературы _vВып.92 |
|
| 462 | 0 |
_1001RU\NLR\INFOCOMM29\5000104873 _12001#$aТематические указатели литературы$iСерия: Электроника СВЧ$fМ-во электронной пром-сти СССР. Ин-т "Электроника" ...$v1974, Вып.2 _91924971 _a"Электроника", институт (Москва) _cМ. _d1970-1980 _fМ-во электронной пром-сти СССР. Ин-т "Электроника" ... _iСерия: Электроника СВЧ _tТематические указатели литературы. - Тематические указатели литературы _v1974, Вып.2 |
|
| 700 | 1 |
_aКузовкова _bН.Н. _4070 |
|
| 801 | 1 |
_aRU _bInfoComm _c20050203 |
|
| 801 | 0 |
_aRU _bNLR _gPSBO |
|
| 852 |
_aNLR _jС315-410/Т-32 |
||
| 942 | _cISSUE | ||
| 980 | _aNB | ||
| 980 | _aRUSPER | ||